| 000 | 00607 a2200229 4500 | ||
|---|---|---|---|
| 240 | _aEconomic development projects and their appraisal | ||
| 260 | _aParis | ||
| 630 | _a33- - Economie - Economie politique | ||
| 650 | _a3 - SCIENCES SOCIALES | ||
| 100 | _aKing, John A. Jr. | ||
| 260 | _bDunod | ||
| 245 | _aLes Projets de développement économique et leur évaluation | ||
| 300 | _a460p. | ||
| 650 | _aEconomie : développement : projet | ||
| 260 | _c1969 | ||
| 300 | _b25cm | ||
| 100 | _lFr | ||
| 037 | _aDE 2681 DE 2683 | ||
| 700 | _aPref., Adler, John H. | ||
| 999 |
_c44113 _d44113 |
||